UM Logo

A simple and efficient strategy for online detection of multiple open-switch fault in multiphase machine drive systems / (Record no. 19908)

MARC details
000 -LEADER
fixed length control field 00939nam a22001937a 4500
005 - DATE AND TIME OF LATEST TRANSACTION
control field 20250918154229.0
008 - FIXED-LENGTH DATA ELEMENTS--GENERAL INFORMATION
fixed length control field 240401b ||||| |||| 00| 0 eng d
082 ## - DEWEY DECIMAL CLASSIFICATION NUMBER
Classification number DPer 621.381 In821 September 2022 v. 37 n. 9
100 ## - MAIN ENTRY--PERSONAL NAME
Personal name Yang, Guanghui.
Relator term author.
9 (RLIN) 55569
245 ## - TITLE STATEMENT
Title A simple and efficient strategy for online detection of multiple open-switch fault in multiphase machine drive systems /
Statement of responsibility, etc. Guanghui Yang, Jiaqiang Yang, Sheng Li, and Haseeb Hussain.
260 ## - PUBLICATION, DISTRIBUTION, ETC. (IMPRINT)
Place of publication, distribution, etc. New York ;
Name of publisher, distributor, etc. The Institute of Electrical and Electronics Engineers, Inc. ,
Date of publication, distribution, etc. September 2022.
300 ## - PHYSICAL DESCRIPTION
Extent Volume 37, pages 11058-11070 :
Other physical details illustration ;
Dimensions 28 cm.
500 ## - GENERAL NOTE
General note IEEE Transitions on Power Electronics, v. 37 n. 9, pages 11058-11070, September 2022.
700 ## - ADDED ENTRY--PERSONAL NAME
Personal name Yang, Guanghui.
Relator term author.
9 (RLIN) 55569
700 ## - ADDED ENTRY--PERSONAL NAME
Personal name Yang, Jiaqiang.
Relator term author.
9 (RLIN) 55570
700 ## - ADDED ENTRY--PERSONAL NAME
Personal name Li, Sheng.
Relator term author.
9 (RLIN) 55571
700 ## - ADDED ENTRY--PERSONAL NAME
Personal name Hussain, Haseeb.
Relator term author.
9 (RLIN) 55572
942 ## - ADDED ENTRY ELEMENTS (KOHA)
Source of classification or shelving scheme Dewey Decimal Classification
Koha item type Periodicals
Holdings
Withdrawn status Lost status Source of classification or shelving scheme Damaged status Not for loan Collection code Home library Current library Date acquired Total Checkouts Full call number Date last seen Price effective from Koha item type Public note
    Dewey Decimal Classification     Periodicals UM Digos College - LIC UM Digos College - LIC 04/01/2024   DPer 621.381 In821 September 2022 v. 37 n. 9 04/01/2024 04/01/2024 Periodicals Periodical Article